Statistics for 2010 Formula 1 poles and podiums

Click here to take the quiz!

General Stats

  • This quiz has been taken 170 times
  • The average score is 46 of 76

Answer Stats

HintAnswer% Correct
Bahrain Grand PrixSebastian Vettel
94%
Australian Grand PrixSebastian Vettel
91%
Fernando Alonso
88%
Sebastian Vettel
85%
Abu Dhabi Grand PrixSebastian Vettel
84%
Jenson Button
83%
Chinese Grand PrixSebastian Vettel
83%
European Grand PrixSebastian Vettel
82%
Malaysian Grand PrixMark Webber
81%
Japanese Grand PrixSebastian Vettel
81%
German Grand PrixSebastian Vettel
81%
Korean Grand PrixSebastian Vettel
81%
Turkish Grand PrixMark Webber
80%
Spanish Grand PrixMark Webber
80%
Monaco Grand PrixMark Webber
80%
Hungarian Grand PrixSebastian Vettel
80%
British Grand PrixSebastian Vettel
80%
Italian Grand PrixFernando Alonso
79%
Belgian Grand PrixMark Webber
79%
Sebastian Vettel
79%
Sebastian Vettel
79%
Singapore Grand PrixFernando Alonso
78%
Canadian Grand PrixLewis Hamilton
78%
Lewis Hamilton
78%
Jenson Button
77%
Mark Webber
77%
Sebastian Vettel
77%
Mark Webber
76%
Sebastian Vettel
76%
Lewis Hamilton
75%
Fernando Alonso
74%
Fernando Alonso
74%
Mark Webber
74%
Fernando Alonso
72%
Mark Webber
72%
Fernando Alonso
71%
Lewis Hamilton
71%
Felipe Massa
65%
Brazilian Grand PrixNico Hülkenberg
59%
Jenson Button
55%
Mark Webber
55%
Sebastian Vettel
55%
Fernando Alonso
51%
Lewis Hamilton
51%
Lewis Hamilton
50%
Sebastian Vettel
50%
Felipe Massa
49%
Jenson Button
49%
Lewis Hamilton
48%
Lewis Hamilton
48%
Lewis Hamilton
47%
Lewis Hamilton
46%
Mark Webber
46%
Fernando Alonso
45%
Jenson Button
45%
Mark Webber
45%
Sebastian Vettel
45%
Mark Webber
44%
Mark Webber
43%
Sebastian Vettel
43%
Felipe Massa
42%
Robert Kubica
41%
Jenson Button
40%
Sebastian Vettel
39%
Fernando Alonso
37%
Jenson Button
36%
Fernando Alonso
35%
Mark Webber
34%
Felipe Massa
33%
Felipe Massa
32%
Fernando Alonso
31%
Nico Rosberg
31%
Nico Rosberg
31%
Robert Kubica
31%
Nico Rosberg
26%
Robert Kubica
24%

Score Distribution

Percentile by Number Answered

Percent of People with Each Score

Your Score History

You have not taken this quiz